[Event "Junior Online 4NCL Division 4"]
[Site "online"]
[Date "2022.02.03"]
[EventDate "2022.02.03"]
[Round "2.46"]
[White "Buckley, Jude"]
[WhiteElo "1000"]
[WhiteTeam "Hilsmark Juniors 2"]
[Black "Tao, Lucas"]
[BlackElo "1200"]
[BlackTeam "London Dragons Dysprosium"]
[Result "0-1"]
[PlyCount "56"]

1. e4 c5 2. Nf3 Nc6 3. Nc3 Nf6 4. Bb5 e6 5. Bxc6 bxc6 6. d4 Ba6 7. dxc5 Bxc5 8. a4 O-O 9. Bf4 Nh5 10. g3 Nxf4 11. gxf4 Qf6 12. e5 Qxf4 13. Qc1 Qxc1+ 14. Rxc1 Rab8 15. Rg1 Rxb2 16. Nd1 Bb4+ 17. c3 Re2+ 18. Kf1 Rc2+ 19. Ke1 Bxc3+ 20. Nd2 Rxc1 21. f4 Bxd2+ 22. Kxd2 Rc4 23. Nb2 Rxf4 24. Nd3 Bxd3 25. Kxd3 Rb8 26. h4 Rb3+ 27. Kd2 Rf2+ 28. Kd1 Rb1# 0-1

[Event "Junior Online 4NCL Division 4"]
[Site "online"]
[Date "2022.02.03"]
[EventDate "2022.02.03"]
[Round "2.47"]
[White "Song, Ruien"]
[WhiteElo "1230"]
[WhiteTeam "London Dragons Dysprosium"]
[Black "Greenlees, Noah"]
[BlackElo "1000"]
[BlackTeam "Hilsmark Juniors 2"]
[Result "1-0"]
[PlyCount "33"]

1. e4 e5 2. Nf3 d6 3. Bc4 Nc6 4. h3 Nf6 5. Ng5 Rg8 6. Bxf7+ Kd7 7. Ne6 Ke7 8. Nxd8 Kxd8 9. Bxg8 d5 10. exd5 Nxd5 11. Bxd5 Ne7 12. Qf3 Nxd5 13. Qxd5+ Bd6 14. Qf7 a5 15. d4 Ra6 16. Bg5+ Be7 17. Qxe7# 1-0

[Event "Junior Online 4NCL Division 4"]
[Site "online"]
[Date "2022.02.03"]
[EventDate "2022.02.03"]
[Round "2.48"]
[White "Pal, Rishit"]
[WhiteElo "647"]
[WhiteTeam "Hilsmark Juniors 2"]
[Black "Bogerd, Ethan"]
[BlackElo "1153"]
[BlackTeam "London Dragons Dysprosium"]
[Result "0-1"]
[PlyCount "62"]

1. e4 c6 2. Nc3 d5 3. Nf3 dxe4 4. Nxe4 Nf6 5. Nxf6+ exf6 6. Bc4 Bd6 7. O-O O-O 8. d4 Re8 9. d5 Bd7 10. Be3 c5 11. a3 Bg4 12. b4 cxb4 13. axb4 Bxf3 14. Qxf3 Nd7 15. Rxa7 Ne5 16. Rxa8 Nxf3+ 17. gxf3 Qxa8 18. Bb5 Rc8 19. Rc1 Bxb4 20. Bf4 Rd8 21. c3 Bc5 22. c4 h6 23. Rd1 Qa3 24. Kg2 Qa2 25. d6 Qxf2+ 26. Kh3 Qxf3+ 27. Kh4 Qxd1 28. d7 g5+ 29. Bxg5 fxg5+ 30. Kg3 Bd6+ 31. Kh3 Qf3# 0-1

[Event "Junior Online 4NCL Division 4"]
[Site "online"]
[Date "2022.02.03"]
[EventDate "2022.02.03"]
[Round "2.51"]
[White "Magnus, Michael"]
[WhiteElo "800"]
[WhiteTeam "Edgware Gambits I"]
[Black "Fearn, Elliot"]
[BlackElo "1100"]
[BlackTeam "Wanstead Warriors D"]
[Result "1-0"]
[PlyCount "90"]

1. e4 e6 2. Nf3 d5 3. d3 dxe4 4. dxe4 Qxd1+ 5. Kxd1 Nf6 6. Nd4 Nxe4 7. Ke1 Bb4+ 8. c3 Bc5 9. Nb5 Bxf2+ 10. Ke2 Bd7 11. Nxc7+ Kd8 12. Nxa8 Bb5+ 13. Kd1 Bxf1 14. Rxf1 Kd7 15. Nd2 Nxd2 16. Bxd2 Bc5 17. Rxf7+ Kc6 18. Nc7 Rf8 19. Rxf8 Bxf8 20. Nxe6 Bd6 21. Nd4+ Kc5 22. Be3 Kc4 23. Nf5 Bxh2 24. Bxa7 Nc6 25. Ne3+ Kd3 26. Bc5 Bg1 27. Nf1 Bxc5 28. Kc1 Ke2 29. Ng3+ Kf2 30. Ne4+ Ke3 31. Nxc5 Kf2 32. Kc2 Kxg2 33. Nxb7 h5 34. Nd6 h4 35. Nf5 h3 36. Kd2 h2 37. Ng3 Ne5 38. Nh1 Ng4 39. b4 Nf2 40. Nxf2 Kxf2 41. b5 g5 42. b6 g4 43. b7 g3 44. b8=Q g2 45. Qxh2 Kf3 1-0

[Event "Junior Online 4NCL Division 4"]
[Site "online"]
[Date "2022.02.03"]
[EventDate "2022.02.03"]
[Round "2.52"]
[White "Dasari, Karthik"]
[WhiteElo "1070"]
[WhiteTeam "Wanstead Warriors D"]
[Black "Kaul-Green, Axel"]
[BlackElo "800"]
[BlackTeam "Edgware Gambits I"]
[Result "1-0"]
[PlyCount "179"]

1. e4 e5 2. Nf3 Nc6 3. Nc3 Nf6 4. Bb5 a6 5. Bc4 Bc5 6. O-O O-O 7. Nxe5 Nxe5 8. d4 Nxc4 9. dxc5 Ne5 10. Bg5 h6 11. Bh4 b6 12. cxb6 cxb6 13. Qd4 Rb8 14. Qxe5 Rb7 15. Nd5 d6 16. Nxf6+ gxf6 17. Qxf6 Qxf6 18. Bxf6 Kh7 19. Be7 Re8 20. Bxd6 Rxe4 21. Bg3 Bf5 22. c3 b5 23. b4 Rb6 24. Bc7 Rc6 25. Ba5 Rxc3 26. Rfc1 Rd3 27. h3 Red4 28. Re1 Bg6 29. a3 Bh5 30. Bb6 Rd6 31. Bc5 R6d5 32. g4 Bg6 33. h4 h5 34. gxh5 Bxh5 35. Re3 Rd2 36. Be7 Rd7 37. Bg5 Kg6 38. Rg3 Rd1+ 39. Rxd1 Rxd1+ 40. Kg2 Kf5 41. Rf3+ Bxf3+ 42. Kxf3 Rd3+ 43. Ke2 Rxa3 44. Be7 Ke6 45. Bc5 Ra2+ 46. Kf1 Ra1+ 47. Kg2 Rd1 48. Kg3 Rd5 49. f4 Kf6 50. Kg4 Kg6 51. Kg3 Rd3+ 52. Kg4 Rd5 53. Kg3 f6 54. Kg4 f5+ 55. Kg3 Rd3+ 56. Kf2 Kh5 57. Ke2 Rh3 58. Kf2 Rh1 59. Ke3 Kg6 60. Kd4 Rxh4 61. Ke5 Rh8 62. Ke6 Kg7 63. Kxf5 Rg8 64. Ke6 Rh8 65. Bg1 Kg8 66. f5 Kg7 67. f6+ Kf8 68. f7 Kg7 69. Ke7 a5 70. f8=R axb4 71. Bd4+ Kg6 72. Rxh8 Kf5 73. Rb8 Ke4 74. Rxb5 Kxd4 75. Rxb4+ Kc3 76. Rb7 Kd4 77. Rd7+ Kc5 78. Ke6 Kc4 79. Ke5 Kc5 80. Rc7+ Kb4 81. Kd4 Kb5 82. Kd5 Kb6 83. Kd6 Kb5 84. Kd5 Kb6 85. Rc6+ Kb7 86. Kd6 Kb8 87. Rc7 Ka8 88. Kc6 Kb8 89. Kb6 Ka8 90. Rc8# 1-0

[Event "Junior Online 4NCL Division 4"]
[Site "online"]
[Date "2022.02.03"]
[EventDate "2022.02.03"]
[Round "2.53"]
[White "Radia, Kayan"]
[WhiteElo "800"]
[WhiteTeam "Edgware Gambits I"]
[Black "Shivhare, Shaurya"]
[BlackElo "1075"]
[BlackTeam "Wanstead Warriors D"]
[Result "0-1"]
[PlyCount "86"]

1. e4 e5 2. Nf3 Nc6 3. Bb5 a6 4. Ba4 b5 5. Bb3 Nf6 6. Nc3 b4 7. Ne2 Nxe4 8. O-O Bc5 9. d3 Nf6 10. Bg5 h6 11. Bh4 O-O 12. Qd2 d6 13. Rad1 Bg4 14. h3 Bxf3 15. gxf3 a5 16. a3 d5 17. Ba2 bxa3 18. bxa3 Bxa3 19. Rb1 Bb4 20. Qd1 Qd6 21. c3 Ba3 22. Rb3 Bc5 23. d4 exd4 24. cxd4 a4 25. Rd3 Nb4 26. Rd2 Nxa2 27. Rxa2 Bb6 28. Rxa4 Rxa4 29. Qxa4 Qe6 30. Qa6 Qxh3 31. Rd1 Qxh4 32. Nc3 Bxd4 33. Ne2 Qxf2+ 34. Kh1 Qxf3+ 35. Kh2 Be5+ 36. Kg1 Qg4+ 37. Kf1 Qf3+ 38. Ke1 Re8 39. Kd2 Bf4+ 40. Kc2 Qe4+ 41. Kb2 Rb8+ 42. Ka2 Qc4+ 43. Ka1 Qxa6# 0-1

[Event "Junior Online 4NCL Division 4"]
[Site "online"]
[Date "2022.02.03"]
[EventDate "2022.02.03"]
[Round "2.54"]
[White "Vege, Sanjith"]
[WhiteElo "793"]
[WhiteTeam "Wanstead Warriors D"]
[Black "Szajman, Noah"]
[BlackElo "714"]
[BlackTeam "Edgware Gambits I"]
[Result "1-0"]
[PlyCount "91"]

1. e4 c5 2. Nc3 d6 3. Bc4 e6 4. Nf3 Nf6 5. O-O Nc6 6. d4 b6 7. dxc5 bxc5 8. Bg5 Be7 9. Bf4 O-O 10. a3 Bd7 11. b4 cxb4 12. axb4 Nxb4 13. Qb1 Qb6 14. Ra4 a5 15. Ra3 Rfe8 16. e5 dxe5 17. Bxe5 Bc6 18. Be2 Ng4 19. h3 Nxe5 20. Nxe5 Reb8 21. Bf3 Bxf3 22. Nxf3 Rb7 23. Nd2 Rab8 24. Na4 Qb5 25. c3 Nd3 26. Qxb5 Rxb5 27. c4 Rc5 28. Rb1 Rxb1+ 29. Nxb1 Nb4 30. Nxc5 Bxc5 31. Rxa5 Nd3 32. Nc3 Bxf2+ 33. Kf1 f6 34. Ra8+ Kf7 35. Nb5 e5 36. Ra6 e4 37. Nd6+ Ke6 38. Nxe4+ Ke5 39. Nxf2 Nxf2 40. Kxf2 g5 41. c5 f5 42. c6 g4 43. c7 gxh3 44. Ra1 h2 45. c8=Q Ke4 46. Rh1 1-0

[Event "Junior Online 4NCL Division 4"]
[Site "online"]
[Date "2022.02.03"]
[EventDate "2022.02.03"]
[Round "2.55"]
[White "Fearn, Elliot"]
[WhiteElo "1100"]
[WhiteTeam "Wanstead Warriors D"]
[Black "Magnus, Michael"]
[BlackElo "800"]
[BlackTeam "Edgware Gambits I"]
[Result "1-0"]
[PlyCount "111"]

1. e4 e5 2. Nc3 Nf6 3. f4 exf4 4. e5 Ng4 5. Qxg4 d6 6. Qxf4 Be6 7. exd6 Bxd6 8. Qe4 O-O 9. Qxb7 Nd7 10. Nd5 Rb8 11. Qc6 Qh4+ 12. g3 Qe4+ 13. Be2 Qxh1 14. Ne7+ Bxe7 15. Qxh1 Nb6 16. d3 Bd5 17. Bf3 Bxf3 18. Qxf3 c6 19. Qxc6 Rfc8 20. Qe4 h6 21. Qxe7 Re8 22. Qe3 Rxe3+ 23. Bxe3 Nd5 24. Bxa7 Rxb2 25. Bd4 Rxc2 26. a4 Rxh2 27. a5 Nc7 28. Bb6 Na6 29. d4 Kf8 30. d5 Rh1 31. Kf1 Ke7 32. Bd4 Kd6 33. Kg2 Rh5 34. Rb1 Rxd5 35. Bxg7 h5 36. Rb6+ Ke7 37. Rxa6 Rg5 38. Ra7+ Kd6 39. Bf6 Rg6 40. Be7+ Ke6 41. Rb7 Kd5 42. Rb6 Rg8 43. a6 Ra8 44. a7 h4 45. gxh4 f5 46. Rb7 f4 47. h5 f3+ 48. Nxf3 Ke4 49. h6 Ke3 50. h7 Ke2 51. Bf6 Kd1 52. h8=Q Rxh8 53. Bxh8 Ke2 54. a8=Q Kd1 55. Rb2 Kc1 56. Qa1# 1-0

[Event "Junior Online 4NCL Division 4"]
[Site "online"]
[Date "2022.02.03"]
[EventDate "2022.02.03"]
[Round "2.57"]
[White "Shivhare, Shaurya"]
[WhiteElo "1075"]
[WhiteTeam "Wanstead Warriors D"]
[Black "Radia, Kayan"]
[BlackElo "800"]
[BlackTeam "Edgware Gambits I"]
[Result "1-0"]
[PlyCount "125"]

1. e4 e5 2. Nf3 Nc6 3. Bc4 Nf6 4. Ng5 Na5 5. Nxf7 Qe7 6. Nxh8 Nxc4 7. O-O d6 8. d3 Bg4 9. f3 Bh5 10. dxc4 O-O-O 11. g4 Bf7 12. Nxf7 Qxf7 13. Bg5 h6 14. Bxf6 Qxf6 15. Rf2 Qh4 16. Nc3 Re8 17. Kf1 Qd8 18. Qd3 a6 19. Ke2 Be7 20. Raf1 Qd7 21. Kd1 Bg5 22. f4 exf4 23. Kc1 Qe7 24. Kb1 Bh4 25. Rxf4 Bg5 26. Rf7 Qe5 27. R1f5 Qe6 28. Rxg7 Rg8 29. Rh7 Qg6 30. Rff7 Rg7 31. Rf8+ Kd7 32. Rxg7+ Qxg7 33. Rf5 Qf6 34. Rxf6 Bxf6 35. Nd5 Bh4 36. c5 dxc5 37. Nf4+ Ke7 38. Ng6+ Kf7 39. Nxh4 Kg7 40. e5 Kf7 41. Qh7+ Ke6 42. Qxh6+ Kxe5 43. g5 c6 44. Qh5 b6 45. Qg4 b5 46. Ng6+ Kd5 47. h4 b4 48. h5 b3 49. h6 bxc2+ 50. Kxc2 a5 51. h7 a4 52. Nh4 a3 53. g6 axb2 54. Kxb2 Ke5 55. g7 Kf6 56. g8=R Kf7 57. h8=Q Ke7 58. a4 Kd6 59. Qhh5 Kc7 60. Qgg5 Kd7 61. Qhh6 Kc7 62. a5 Kd7 63. Qgg7# 1-0

[Event "Junior Online 4NCL Division 4"]
[Site "online"]
[Date "2022.02.03"]
[EventDate "2022.02.03"]
[Round "2.58"]
[White "Szajman, Noah"]
[WhiteElo "714"]
[WhiteTeam "Edgware Gambits I"]
[Black "Vege, Sanjith"]
[BlackElo "793"]
[BlackTeam "Wanstead Warriors D"]
[Result "0-1"]
[PlyCount "134"]

1. e4 e5 2. Nf3 Nc6 3. d4 exd4 4. Nxd4 Nxd4 5. Qxd4 c5 6. Qd1 Nf6 7. Nc3 Bd6 8. Be3 O-O 9. Qxd6 b6 10. Be2 Ne8 11. Qd1 h6 12. O-O Nf6 13. e5 Ne8 14. Bd3 Qe7 15. Bf4 Nc7 16. Qe2 Ba6 17. Bxa6 Nxa6 18. Rfe1 Rae8 19. Nd5 Qe6 20. Rad1 Rc8 21. h3 Rfe8 22. Rd3 Nc7 23. Nxc7 Rxc7 24. Re3 Qxa2 25. e6 d6 26. Bxd6 Rcc8 27. b3 c4 28. bxc4 Rxc4 29. Rf3 Rxc2 30. exf7+ Qxf7 31. Rxf7 Rcxe2 32. Rxe2 Rxe2 33. Rf8+ Kh7 34. Kf1 Rd2 35. Ke1 Rxd6 36. Ra8 a5 37. Ra6 Re6+ 38. Kd2 Re4 39. Kd3 Rb4 40. Kc3 g5 41. f3 Kg6 42. g4 h5 43. gxh5+ Kxh5 44. h4 gxh4 45. f4 Rxf4 46. Rxb6 h3 47. Rb8 Kg4 48. Rg8+ Kf3 49. Kd3 h2 50. Rh8 Kg2 51. Ke3 Rf3+ 52. Ke2 h1=Q 53. Rxh1 Kxh1 54. Kxf3 a4 55. Ke2 a3 56. Kd2 a2 57. Kc1 a1=Q+ 58. Kc2 Qd4 59. Kb3 Kg2 60. Kc2 Kf3 61. Kc1 Ke3 62. Kb1 Qc3 63. Ka2 Kd2 64. Kb1 Kd3 65. Ka2 Qb4 66. Ka1 Kc2 67. Ka2 Qb2# 0-1

[Event "Junior Online 4NCL Division 4"]
[Site "online"]
[Date "2022.02.03"]
[EventDate "2022.02.03"]
[Round "2.61"]
[White "Raper, Lorna"]
[WhiteElo "1000"]
[WhiteTeam "Chess Challengers G"]
[Black "Arun, Saiarya"]
[BlackElo "935"]
[BlackTeam "Cambridge Chess & Go B"]
[Result "0-1"]
[PlyCount "68"]

1. d4 d5 2. Bf4 Bg4 3. h3 Bh5 4. g4 Bg6 5. Nf3 Nf6 6. Nc3 e6 7. e3 Bb4 8. a3 Ba5 9. b4 Bb6 10. a4 a5 11. bxa5 Bxa5 12. Qd2 Ne4 13. Qc1 Bxc3+ 14. Kd1 Nxf2+ 15. Ke2 Nxh1 16. Rb1 Ng3+ 17. Bxg3 Rxa4 18. Kf2 O-O 19. Rxb7 Qf6 20. Rxc7 Be4 21. Bg2 Ba5 22. Be5 Qd8 23. Rb7 Nc6 24. Bc7 Bxc7 25. Qb1 Qd6 26. Ne5 Nxe5 27. dxe5 Qxe5 28. Bf1 Qg3+ 29. Ke2 Qf3+ 30. Kd2 Qf2+ 31. Be2 Ba5+ 32. Kc1 Qxe2 33. Rb8 Qxe3+ 34. Kd1 Qd2# 0-1

[Event "Junior Online 4NCL Division 4"]
[Site "online"]
[Date "2022.02.03"]
[EventDate "2022.02.03"]
[Round "2.62"]
[White "Bhaskar, Pratyush"]
[WhiteElo "907"]
[WhiteTeam "Cambridge Chess & Go B"]
[Black "Hari Prasad, Shivaani"]
[BlackElo "1000"]
[BlackTeam "Chess Challengers G"]
[Result "0-1"]
[PlyCount "20"]

1. e4 e5 2. Nf3 Nc6 3. Nc3 Nf6 4. Bc4 Bc5 5. Ng5 d5 6. exd5 Bxf2+ 7. Kxf2 Ng4+ 8. Ke1 Qxg5 9. d3 Qf6 10. dxc6 Qf2# 0-1

[Event "Junior Online 4NCL Division 4"]
[Site "online"]
[Date "2022.02.03"]
[EventDate "2022.02.03"]
[Round "2.63"]
[White "Johnson, Nithilan"]
[WhiteElo "1000"]
[WhiteTeam "Chess Challengers G"]
[Black "Ryten, Charlie"]
[BlackElo "800"]
[BlackTeam "Cambridge Chess & Go B"]
[Result "1-0"]
[PlyCount "83"]

1. e4 e5 2. Nf3 Nc6 3. Nc3 Bc5 4. Bc4 Nf6 5. d3 O-O 6. Bg5 h6 7. Bxf6 Qxf6 8. O-O Nd4 9. Nd5 Qd6 10. Nxd4 exd4 11. Qe2 c6 12. e5 Qe6 13. Nc7 Qe7 14. Nxa8 d5 15. Bb3 Bf5 16. Qh5 Bg6 17. Qg4 Rxa8 18. Rae1 Bb4 19. Re2 b5 20. Qxd4 c5 21. Qxd5 Rd8 22. Qc6 a6 23. Qxa6 Rb8 24. Bxf7+ Bxf7 25. c3 Be6 26. cxb4 Bc8 27. Qc6 Bd7 28. Qd5+ Be6 29. Qe4 Qg5 30. Rfe1 Re8 31. f4 Qe7 32. bxc5 Qxc5+ 33. d4 Qe7 34. f5 Bd7 35. e6 Bc8 36. Qe5 b4 37. Rf1 Ba6 38. f6 gxf6 39. Rxf6 Bxe2 40. Rg6+ Kf8 41. Qf5+ Qf7 42. Qxf7# 1-0

[Event "Junior Online 4NCL Division 4"]
[Site "online"]
[Date "2022.02.03"]
[EventDate "2022.02.03"]
[Round "2.64"]
[White "Odysseas Jones-Roumeliotis"]
[WhiteElo "721"]
[WhiteTeam "Cambridge Chess & Go B"]
[Black "Chaturvedi, Arjun"]
[BlackElo "1000"]
[BlackTeam "Chess Challengers G"]
[Result "0-1"]
[PlyCount "68"]

1. d4 e5 2. dxe5 Bc5 3. Nf3 c6 4. Bg5 Qa5+ 5. b4 Qxb4+ 6. c3 Qb2 7. Nbd2 Qxc3 8. Rc1 Qa5 9. Be3 Ba3 10. Bc5 Na6 11. Bxa3 Qxa3 12. Nc4 Qb4+ 13. Ncd2 Nc5 14. Rc4 Qa5 15. e3 d5 16. Re4 Nxe4 17. Bd3 Nxd2 18. Nxd2 g6 19. O-O Qb4 20. Nb3 Qh4 21. g3 Bg4 22. f3 Bxf3 23. Rxf3 Qg4 24. Kg2 O-O-O 25. h3 Qa4 26. Rxf7 Nh6 27. h4 Nxf7 28. h5 Qxa2+ 29. Kh3 Ng5+ 30. Kh4 h6 31. Bxg6 Qh2+ 32. Kg4 Qh3+ 33. Kf4 Rdf8+ 34. Bf5+ Rxf5# 0-1

[Event "Junior Online 4NCL Division 4"]
[Site "online"]
[Date "2022.02.03"]
[EventDate "2022.02.03"]
[Round "2.65"]
[White "Arun, Saiarya"]
[WhiteElo "935"]
[WhiteTeam "Cambridge Chess & Go B"]
[Black "Raper, Lorna"]
[BlackElo "1000"]
[BlackTeam "Chess Challengers G"]
[Result "1-0"]
[PlyCount "53"]

1. e4 e6 2. Nf3 d5 3. exd5 exd5 4. Nc3 Bc5 5. d4 Bb6 6. Bb5+ c6 7. Ba4 Nf6 8. Qe2+ Be6 9. O-O O-O 10. Nh4 Re8 11. Qf3 Bg4 12. Qg3 Bc7 13. Qd3 Be2 14. Nxe2 Ne4 15. Nf5 Qf6 16. Neg3 Bxg3 17. fxg3 b5 18. Bb3 c5 19. Bxd5 c4 20. Qf3 Ng5 21. Nh6+ Kf8 22. Bxg5 Qxf3 23. Rxf3 gxh6 24. Bxh6+ Kg8 25. Bxf7+ Kh8 26. Bxe8 Na6 27. Rf8# 1-0

[Event "Junior Online 4NCL Division 4"]
[Site "online"]
[Date "2022.02.03"]
[EventDate "2022.02.03"]
[Round "2.66"]
[White "Hari Prasad, Shivaani"]
[WhiteElo "1000"]
[WhiteTeam "Chess Challengers G"]
[Black "Bhaskar, Pratyush"]
[BlackElo "907"]
[BlackTeam "Cambridge Chess & Go B"]
[Result "1-0"]
[PlyCount "53"]

1. e4 e5 2. Nf3 Nc6 3. Bc4 Bc5 4. O-O Nf6 5. Nc3 O-O 6. d3 Ng4 7. Bg5 Qe8 8. Nd5 f6 9. Nxc7+ Qe6 10. Nxe6 dxe6 11. Bh4 g5 12. Bg3 h6 13. h3 Nxf2 14. Bxf2 Bxf2+ 15. Rxf2 Bd7 16. Nh2 Rad8 17. Qh5 Be8 18. Bxe6+ Bf7 19. Bxf7+ Rxf7 20. Ng4 Rdd7 21. Nxh6+ Kf8 22. Nxf7 Rxf7 23. Raf1 Ke7 24. Qh6 Ke6 25. Rxf6+ Ke7 26. Rxf7+ Kd8 27. Qh8# 1-0

[Event "Junior Online 4NCL Division 4"]
[Site "online"]
[Date "2022.02.03"]
[EventDate "2022.02.03"]
[Round "2.67"]
[White "Ryten, Charlie"]
[WhiteElo "800"]
[WhiteTeam "Cambridge Chess & Go B"]
[Black "Johnson, Nithilan"]
[BlackElo "1000"]
[BlackTeam "Chess Challengers G"]
[Result "1-0"]
[PlyCount "87"]

1. e4 e5 2. Nf3 Nc6 3. Bc4 Nf6 4. Ng5 Bc5 5. O-O O-O 6. Nc3 d6 7. a3 Bg4 8. Be2 Bxe2 9. Qxe2 Nd7 10. d3 Nd4 11. Qh5 Nf6 12. Qd1 Qd7 13. Be3 Ng4 14. Bxd4 Bxd4 15. Ne2 Nxf2 16. Rxf2 Bxf2+ 17. Kxf2 Qg4 18. Nf3 b5 19. h3 Qd7 20. Nc3 Rae8 21. Nd5 Re6 22. Ng5 Rg6 23. Qh5 h6 24. Nf3 Qe6 25. Nxc7 Qf5 26. exf5 e4 27. dxe4 Rc8 28. fxg6 fxg6 29. Qxg6 Rxc7 30. Qxd6 Rxc2+ 31. Nd2 Rxb2 32. Qe6+ Kh7 33. Rb1 Rxd2+ 34. Ke3 Rxg2 35. Qf5+ Kg8 36. Rc1 Rg3+ 37. Kf4 g6 38. Rc8+ Kg7 39. Qd7+ Kf6 40. Kxg3 Kg5 41. Qxb5+ Kf6 42. Rc6+ Kg7 43. Qb7+ Kf8 44. Rc8# 1-0

[Event "Junior Online 4NCL Division 4"]
[Site "online"]
[Date "2022.02.03"]
[EventDate "2022.02.03"]
[Round "2.71"]
[White "Yang, Mingkun"]
[WhiteElo "1250"]
[WhiteTeam "London Dragons Einsteinium"]
[Black "Naren, Riya"]
[BlackElo "614"]
[BlackTeam "Watford D"]
[Result "1-0"]
[PlyCount "39"]

1. e4 e5 2. Nf3 Nf6 3. Nxe5 Nxe4 4. Qe2 Nc5 5. Nc6+ Be7 6. Nxd8 Kxd8 7. Qe3 Nca6 8. Bxa6 bxa6 9. O-O Nc6 10. d4 Nb4 11. Re1 Bb7 12. Qxe7+ Kc8 13. Qxb4 Bd5 14. Re7 Bc6 15. Qc4 Bb5 16. Qd5 Bc6 17. Qf5 Bb5 18. a4 Bc4 19. Qxd7+ Kb8 20. Qxc7# 1-0

[Event "Junior Online 4NCL Division 4"]
[Site "online"]
[Date "2022.02.03"]
[EventDate "2022.02.03"]
[Round "2.81"]
[White "Liu, Reuben"]
[WhiteElo "961"]
[WhiteTeam "Surrey Kings 4"]
[Black "Li, Emmanuelle"]
[BlackElo "986"]
[BlackTeam "Ojays G"]
[Result "0-1"]
[PlyCount "144"]

1. e4 e5 2. Nf3 Nc6 3. Bb5 Nf6 4. O-O d5 5. Nxe5 Nxe4 6. Nxc6 Qd7 7. Nd4 c6 8. Bd3 Bc5 9. c3 O-O 10. b4 Bxd4 11. cxd4 Qf5 12. Nc3 Qg6 13. Qf3 Bg4 14. Qf4 Bh3 15. Bxe4 dxe4 16. Qg3 Qxg3 17. hxg3 Be6 18. Nxe4 Bc4 19. Re1 Rae8 20. f3 Bd3 21. Nf6+ gxf6 22. Rxe8 Rxe8 23. Ba3 Re2 24. Bb2 Rxd2 25. Bc3 Rc2 26. Be1 Kf8 27. a4 Rb2 28. Bc3 Rc2 29. Be1 Ke7 30. Bf2 Ke6 31. Re1+ Kd5 32. Re7 Rc4 33. Rxb7 Rc1+ 34. Kh2 Bf1 35. a5 Rc2 36. Be3 Rxg2+ 37. Kh3 Re2+ 38. Kg4 Rxe3 39. Rxa7 Ra3 40. Rxf7 Be2 41. Rxf6 Kxd4 42. Rxc6 Bxf3+ 43. Kh3 Bxc6 44. a6 Rxa6 45. g4 Ra4 46. b5 Bxb5 47. g5 Bc6 48. g6 hxg6 49. Kg4 Kd3+ 50. Kg5 Be4 51. Kf4 Bh1+ 52. Kg5 Ra6 53. Kh6 Be4 54. Kg7 Ra7+ 55. Kh6 Kd2 56. Kg5 Ra5+ 57. Kf4 g5+ 58. Kxe4 g4 59. Kf4 Ra4+ 60. Kg3 Ke2 61. Kh4 Kf3 62. Kg5 g3 63. Kf6 g2 64. Ke5 g1=Q 65. Kd5 Qe1 66. Kc5 Re4 67. Kd5 Qd1+ 68. Kc5 Re3 69. Kc4 Re2 70. Kc3 Rc2+ 71. Kb3 Qb1+ 72. Ka4 Ra2# 0-1

[Event "Junior Online 4NCL Division 4"]
[Site "online"]
[Date "2022.02.03"]
[EventDate "2022.02.03"]
[Round "2.82"]
[White "Srivastava, Avani"]
[WhiteElo "900"]
[WhiteTeam "Ojays G"]
[Black "Klijnstra, Olivier"]
[BlackElo "875"]
[BlackTeam "Surrey Kings 4"]
[Result "0-1"]
[PlyCount "42"]

1. e4 e5 2. Nf3 Nc6 3. Bc4 Nf6 4. Ng5 d5 5. exd5 Nxd5 6. Nf3 Bg4 7. Be2 Bxf3 8. Bxf3 Nf4 9. O-O Qg5 10. d3 Nd4 11. Bxf4 exf4 12. Be4 O-O-O 13. f3 Bc5 14. Kh1 Rhe8 15. h3 f5 16. Bd5 Rxd5 17. Re1 Rde5 18. Rf1 Nxc2 19. Qxc2 Re1 20. Rxe1 Rxe1+ 21. Kh2 Qg3# 0-1

[Event "Junior Online 4NCL Division 4"]
[Site "online"]
[Date "2022.02.03"]
[EventDate "2022.02.03"]
[Round "2.83"]
[White "Flanders, William"]
[WhiteElo "835"]
[WhiteTeam "Surrey Kings 4"]
[Black "Goh, Timothy"]
[BlackElo "670"]
[BlackTeam "Ojays G"]
[Result "1-0"]
[PlyCount "87"]

1. e4 e6 2. d4 d5 3. exd5 exd5 4. Qe2+ Be7 5. Bg5 f6 6. Bf4 Nc6 7. Nc3 Nxd4 8. Qd1 Bf5 9. Bb5+ c6 10. Bf1 Nxc2+ 11. Ke2 Nxa1 12. Qxa1 d4 13. Nb1 d3+ 14. Kd2 Bb4+ 15. Nc3 Bxc3+ 16. bxc3 Ne7 17. Nf3 Nd5 18. Nd4 g6 19. Nxf5 gxf5 20. Bxd3 Nxf4 21. Qb1 c5 22. Re1+ Kf8 23. g3 b6 24. gxf4 b5 25. Qxb5 Rc8 26. Kc2 Rg8 27. Bc4 Rg2 28. Be6 Rc7 29. Bxf5 Rxf2+ 30. Re2 Rxe2+ 31. Qxe2 Qd5 32. Bxh7 c4 33. Bg6 Kg7 34. Be4 Qa5 35. Qg4+ Kf7 36. Qg6+ Ke6 37. Qf5+ Ke7 38. Qxa5 Ke6 39. Qxc7 f5 40. Qxc4+ Kf6 41. h4 fxe4 42. Qxe4 Kg7 43. h5 Kh6 44. Qg6# 1-0

[Event "Junior Online 4NCL Division 4"]
[Site "online"]
[Date "2022.02.03"]
[EventDate "2022.02.03"]
[Round "2.84"]
[White "Tomlinson, Cecilia"]
[WhiteElo "392"]
[WhiteTeam "Ojays G"]
[Black "Fairrie, Ralph"]
[BlackElo "866"]
[BlackTeam "Surrey Kings 4"]
[Result "0-1"]
[PlyCount "22"]

1. e4 e5 2. Nf3 Nc6 3. d3 Bc5 4. Ng5 Qf6 5. Be2 Qxf2+ 6. Kd2 Qe3+ 7. Ke1 Qf2+ 8. Kd2 Qe3+ 9. Ke1 Qf2+ 10. Kd2 Be3+ 11. Kc3 Bd4+ 0-1

[Event "Junior Online 4NCL Division 4"]
[Site "online"]
[Date "2022.02.03"]
[EventDate "2022.02.03"]
[Round "2.85"]
[White "Li, Emmanuelle"]
[WhiteElo "986"]
[WhiteTeam "Ojays G"]
[Black "Liu, Reuben"]
[BlackElo "961"]
[BlackTeam "Surrey Kings 4"]
[Result "0-1"]
[PlyCount "46"]

1. e4 c6 2. d4 d5 3. exd5 cxd5 4. Nc3 Nc6 5. Nf3 Bg4 6. Bb5 a6 7. Bxc6+ bxc6 8. O-O Nf6 9. Bg5 e6 10. Ne5 Bxd1 11. Rfxd1 Be7 12. Bxf6 Bxf6 13. Ng4 O-O 14. Ne2 Be7 15. Nf4 Bd6 16. Nd3 Qh4 17. h3 f5 18. Ne3 f4 19. Ng4 f3 20. Ne1 fxg2 21. Nxg2 Qxh3 22. Kf1 Qxg4 23. Ne3 Qg3 0-1

[Event "Junior Online 4NCL Division 4"]
[Site "online"]
[Date "2022.02.03"]
[EventDate "2022.02.03"]
[Round "2.86"]
[White "Klijnstra, Olivier"]
[WhiteElo "875"]
[WhiteTeam "Surrey Kings 4"]
[Black "Srivastava, Avani"]
[BlackElo "900"]
[BlackTeam "Ojays G"]
[Result "1-0"]
[PlyCount "73"]

1. e4 e5 2. Nf3 Nc6 3. Nc3 Nf6 4. d4 d5 5. dxe5 dxe4 6. Nd4 Nxe5 7. Bg5 Be7 8. Bxf6 Bxf6 9. Nxe4 Nc6 10. Bb5 Bd7 11. Nxf6+ Qxf6 12. Bxc6 Bxc6 13. Nxc6 Qxc6 14. O-O O-O 15. g4 Rad8 16. Qe2 Rfe8 17. Rad1 h6 18. Rxd8 Kf8 19. Rxe8+ Qxe8 20. Qc4 a6 21. Qxc7 b5 22. Qc5+ Kg8 23. Kg2 Qe4+ 24. f3 Qe2+ 25. Rf2 Qe6 26. Kf1 Qxa2 27. Re2 g5 28. Qf5 h5 29. Re8+ Kg7 30. Re7 hxg4 31. Qxg5+ Kf8 32. Qe5 Kg8 33. Re8+ Kh7 34. Rh8+ Kg6 35. Rg8+ Kh6 36. Qg7+ Kh5 37. Qh7# 1-0

[Event "Junior Online 4NCL Division 4"]
[Site "online"]
[Date "2022.02.03"]
[EventDate "2022.02.03"]
[Round "2.87"]
[White "Goh, Timothy"]
[WhiteElo "670"]
[WhiteTeam "Ojays G"]
[Black "Flanders, William"]
[BlackElo "835"]
[BlackTeam "Surrey Kings 4"]
[Result "1-0"]
[PlyCount "93"]

1. e4 e5 2. Bc4 Nf6 3. Nf3 Nxe4 4. Nxe5 Ng5 5. f4 Ne6 6. f5 Ng5 7. h4 d6 8. hxg5 dxe5 9. Nc3 Qxg5 10. d3 Bxf5 11. Bxg5 Bb4 12. Qf3 Bxc3+ 13. bxc3 Bc8 14. Bd5 O-O 15. Bxb7 Bxb7 16. Qxb7 Nd7 17. Qxc7 Nb6 18. Be7 Rfe8 19. Qxe5 h6 20. O-O Nd7 21. Qd6 Nb8 22. d4 a5 23. d5 Na6 24. Rf3 Ra7 25. Re3 a4 26. a3 Nb8 27. Qc5 Rd7 28. c4 Na6 29. Qb5 Rdxe7 30. Rxe7 Rxe7 31. Qxa6 Re2 32. Rc1 Re4 33. Qc8+ Kh7 34. Qf5+ g6 35. Qxe4 h5 36. d6 h4 37. d7 h3 38. d8=Q h2+ 39. Kxh2 Kh6 40. Qdh4+ Kg7 41. Qd4+ Kf8 42. Qhh8+ Ke7 43. Qe4+ Kd6 44. Qhe5+ Kd7 45. Q4d5+ Kc8 46. Qxf7 Kd8 47. Qee8# 1-0